00303 a2200121 4500001000700000020001800007040003500025100002900060240004000089245003500129300000800164362000900172154005 a9788598232294 cEscola São Tomás de Aquino aTEIXEIRA, Geraldo Magela10aCompromisso com a educaçãolpor10aCompromisso com a educação a2700 a2008